000 00395nam a2200157Ia 4500
008 210210b1989 xxu||||| |||| 00| 0 eng d
082 _a589.9 BERG
100 _aBERGEY
245 _aBergy's manual of systematic bacteriology. V4.
260 _aTokyo
_bWilliams & Wilkins
_c1989
300 _a2648,I-61
440 _a4
650 _aBergy's Bacteriology
690 _aBotany
906 _a047860
999 _c96783
_d96783